000 00563nam a2200181Ia 4500
008 090201s9999 xx 000 0 und d
010 _aKPL-66881
040 _bमराठी
041 _aमराठी
082 _a43309
_b66881
100 _aगुरुनाथ नाईक
245 _aगोगलगाईचा संदेश
_cगुरुनाथ नाईक
250 _a1
260 _c2005
_bमंगलदीप प्रकाशन
300 _a112
600 _aगोगलगाईचा संदेश
942 _cBOOK
999 _c240350
_d240350